000 00273nam a2200109Ia 4500
008 190216s9999||||xx |||||||||||||| ||und||
100 _aPreerval Spear
245 4 _aThe Oxford History Of Modern India
260 _bOxford University Press
650 _aHistory
942 _cBK
999 _c18619
_d18619